MLS Stadiums - Statistics

General Stats
  • This quiz has been taken 466 times
  • The average score is 8 of 19
Answer Stats
Hint Answer % Correct
New York Red Bulls Red Bull Arena
64%
New England Revolution Gillette Stadium
55%
Chicago Fire Toyota Park
54%
Seattle Sounders FC CenturyLink Field
49%
Vancouver Whitecaps FC BC Place
47%
Colorado Rapids Dick's Sporting Goods Park
46%
D.C. United RFK Stadium
46%
Toronto FC BMO Field
45%
Chivas USA Home Depot Center
43%
Los Angeles Galaxy Home Depot Center
43%
Real Salt Lake Rio Tinto Stadium
39%
Montreal Impact Saputo Stadium
38%
Columbus Crew Columbus Crew Stadium
35%
Sporting Kansas City Livestrong Sporting Park
33%
FC Dallas FC Dallas Stadium
30%
Philadlephia Union PPL Park
27%
Houston Dynamo BBVA Compass Stadium
26%
Portland Timbers Jeld-Wen Field
23%
San Jose Earthquakes Buck Shaw Stadium
19%
No matching quizzes found
Score Distribution
Percent of People with Each Score
Percentile by Number Answered
Your Score History
You have not taken this quiz